| 000 | 00385nam a2200169Ia 4500 | ||
|---|---|---|---|
| 008 | 210210b1911 xxu||||| |||| 00| 0 eng d | ||
| 041 | _aeng | ||
| 082 | _a485/11 | ||
| 100 | _aDEEKSHITA | ||
| 245 | _aSiddhaanta kaumudi uttarardam | ||
| 260 |
_a _b- _c1911 |
||
| 650 | _auttarardam | ||
| 650 | _aSiddhaanta | ||
| 650 | _akaumudi | ||
| 690 | _aSanskrit Language | ||
| 906 | _a006987 | ||
| 999 |
_c141027 _d141027 |
||